Entry Personal Name
Number of records used in: 1
001 - CONTROL NUMBER
003 - CONTROL NUMBER IDENTIFIER
005 - DATE AND TIME OF LATEST TRANSACTION
- control field:
20230920133702.0
008 - FIXED-LENGTH DATA ELEMENTS
- fixed length control field:
790206n| azannaabn |a aaa
010 ## - LIBRARY OF CONGRESS CONTROL NUMBER
- LC control number:
n 79011861
035 ## - SYSTEM CONTROL NUMBER
- System control number:
(OCoLC)oca00245922
040 ## - CATALOGING SOURCE
- Original cataloging agency:
DLC
- Language of cataloging:
eng
- Description conventions:
rda
- Transcribing agency:
DLC
- Modifying agency:
DLC
- Modifying agency:
UPB
- Modifying agency:
OCoLC
046 ## - SPECIAL CODED DATES
- Birth date:
1948-10-11
- Death date:
2015-05-19
- Source of date scheme:
edtf
100 1# - HEADING--PERSONAL NAME
- Personal name:
Kishlansky, Mark A.
370 ## - ASSOCIATED PLACE
- Place of birth:
Brooklyn (New York, N.Y.)
- Source of term:
naf
372 ## - FIELD OF ACTIVITY
- Field of activity:
History
- Source of term:
lcsh
373 ## - ASSOCIATED GROUP
- Associated group:
University of Chicago
- Source of term:
naf
- Start period:
1975
- End period:
1991
373 ## - ASSOCIATED GROUP
- Associated group:
Harvard University
- Source of term:
naf
- Start period:
1991
374 ## - OCCUPATION
- Occupation:
College teachers
- Occupation:
Historians
- Source of term:
lcsh
377 ## - ASSOCIATED LANGUAGE
378 ## - FULLER FORM OF PERSONAL NAME
- Fuller form of personal name:
Mark Alan
400 1# - SEE FROM TRACING--PERSONAL NAME
- Personal name:
Kishlansky, Mark Alan,
- Dates associated with a name:
1948-2015
670 ## - SOURCE DATA FOUND
- Source citation:
His The rise of the ... 1979:
- Information found:
t.p. (Mark A. Kishlansky, Dept. of Hist., Univ. of Chicago)
670 ## - SOURCE DATA FOUND
- Source citation:
His Civilization in the West, c1991:
- Information found:
CIP t.p. (Mark Kishlansky)
670 ## - SOURCE DATA FOUND
- Source citation:
Civilization in the West, c2006:
- Information found:
t.p. (Mark Kishlansky) p. xlvii (Professor of English and European history at Harvard University)
670 ## - SOURCE DATA FOUND
- Source citation:
Wikipedia, May 19, 2017
- Information found:
(Mark Kishlansky; Mark A. Kishlansky (October 11, 1948--May 19, 2015) was a historian of seventeenth-century British politics; he was the Frank Baird, Jr. Professor of History at Harvard University; born in Brooklyn, New York, he completed his undergraduate degree at the State University of New York at Stony Brook in 1970; he proceeded to graduate study under David Underdown at Brown University, receiving his M.A. in 1972 and his Ph. D. in 1977; from 1975 to 1991 he taught at the University of Chicago, successively as instructor and professor; from 1990 to 1991 he was a member of the Committee on Social Thought; he was a visiting professor at Northwestern University in 1983 and was the Mellon Visiting Professor in the Humanities and Social Sciences at the California Institute of Technology in 1990-1991; in 1991 he became a professor at Harvard University and from 1998 to 2001 served as Associate Dean of the Harvard Faculty of Arts and Sciences at Harvard; he was editor of the Journal of British Studies from 1984 to 1991 and editor-in-chief of History Compass from 2003 to 2009)
670 ## - SOURCE DATA FOUND
- Source citation:
OCLC, May 19, 2017
- Information found:
(access points: Kishlansky, Mark ; Kishlansky, Mark A. ; Kishlansky, Mark A. (Mark Alan), 1948- ; Kishlansky, Mark Alan, 1948-; usage: Mark Kishlansky ; Mark A. Kishlansky ; Mark Alan Kishlansky ; M. Kishlansky)